00575nam a2200133Ia 4500008004100000100002500041245009700066245013000163260005300293260000900346300001000355650001500365856006100380170221s9999 xx 000 0 und d aAnastasia V. Kistova aRegional Peculiarities in Modernization Processes within the Territories of Central Siberia  cAnastasia V. Kistova, Julia S. Zamaraeva, Natalia N. Pimenova, Ksenia V. Reznikova, Natalia P. Koptseva, Natalia N. Seredkina bInternational Review of Management and Marketing c2016 a6 : 4 xMarketing. uhttp://www.econjournals.com/index.php/irmm/issue/view/88